Responses for Show #1344 - Thursday, June 7, 1990

Contestants

[<< previous game]

Bill Drastal, a writer from Venice, California

Meg Weglarz, a designer from Mt. Lebanon, Pennsylvania

Anne Kanter, a homemaker from McLean, Virginia (whose 1-day cash winnings total $16,400)

[next game >>]

Jeopardy! Round responses

THE BLUE & THE GRAY
LEFTOVERS
'60s MUSIC
WORLD CITIES
THE MOVIES
ENERGY
    $100 22
(Anne: Who is Jeb Stuart Magruder?)
...
(Alex: Jeb Stuart Magruder was not in the Civil War.)
[Laughter]
(Anne: Jeb Stuart was.)
(Alex: We have less than a minute to go.)

Stonewall Jackson

AnneMeg
    $100 17
Pilsner

Bill
    $100 12
Pasadena

Anne
    $100 1
Bethlehem

Meg
    $100 2
Three Men and a Baby

Anne
    $100 7
microwaves

Bill
    $200 23
(Bill: What is farm?)
(Anne: What is harvest?)

vote

AnneBill
Triple Stumper
    $200 18
prime minister

Anne
    $200 13
Hair

Meg
    $200 3
the sun doesn't set

Anne
    $200 8
Alfred Hitchcock

Meg
    $300 24
South Carolina

Triple Stumper
    $300 19
tonsils & adenoids

Meg
    $300 14
Hurry

Meg
    $300 4
Le Mans

Bill
    $300 9
The Right Stuff

Bill
    $400 25
(Bill: What is the Monitor?)

Merrimack

AnneBill
    $400 20
Boston

Anne
    $400 15
my lawyer

Bill
    $400 5
Mecca

Anne
    $700 10
(Bill: Nope. Don't know.)

Jessica Lange

Bill
    $500 26
[The end-of-round signal sounds.]

Quantrill

Anne
    $500 21
(Andrei) Gromyko

Anne
    $500 16
"Theme from A Summer Place"

Meg
    $500 6
Java

Anne
    $500 11
William Powell

Meg

Scores at the first commercial break (after clue 10):

Anne Meg Bill
$1,200 $300 $0

Scores at the end of the Jeopardy! Round:

Anne Meg Bill
$3,000 $2,200 -$100

Double Jeopardy! Round responses

FAMOUS NAMES
FRENCH PHRASES
MONTANA
THE MIDDLE AGES
LAW
NAME THE AUTHOR
    $200 1
(Bill: Uh, who is Corbett?)

Marquess of Queensberry

AnneBill
    $200 6
afternoon

Anne
    $200 13
bison

Meg
    $200 14
Vikings

Meg
    $200 26
21

Bill
    $200 8
(Anne: Who is Russell?)

Thomas Hardy

Anne
Triple Stumper
    $400 2
(Michael) Bennett

Bill
    $400 7
[Bill says the second part sounding like, "Ah-lay."]

olé & au lait

Bill
    $400 18
(Bill: What is Billings?)

Helena

MegBill
    $400 15
Parliament

Anne
    $400 27
blue laws

Meg
    $400 9
D. H. Lawrence

Anne
    $600 3
Billy Graham

Meg
    $600 21
laissez-faire

Meg
    $600 19
(Meg: What is the Snake?)

Missouri

Meg
    $600 16
Chartres

Bill
    $800 28
[The end-of-round signal sounds.]

affidavit

Meg
    $600 10
Ernest Hemingway

Triple Stumper
    $800 4
(Anne: Who is Pinochet?)

Salvador Allende

Anne
Triple Stumper
    $800 22
inexpensive (cheap)

Triple Stumper
    $800 24
(Alex: Alaska, Texas & California)

3

Meg
    $800 17
English longbow

Triple Stumper
    $800 11
(Anne: Who is John Cheever?)

Norman Mailer

Anne
Triple Stumper
    $1000 5
Stanislavski

Anne
    $1000 23
fin de siècle

Anne
    $1000 25
(Anne: What is the Mineral State?)
(Meg: What is the Gem State?)
...
(Alex: We have a minute left.)

Treasure State

AnneMeg
Triple Stumper
    $1000 20
St. David

Meg
    $1000 12
Daphne du Maurier

Triple Stumper

Scores at the end of the Double Jeopardy! Round:

Anne Meg Bill
$3,400 $5,600 $900

[wagering suggestions for these scores]

Final Jeopardy! Round responses

19th CENTURY AMERICANS
BillWho was Bud Abbot?
$900
AnneWho is Robert Lincoln?
$3,400
MegWho is Robert Lincoln?
$1,300
Robert Lincoln

Final scores:

Anne Meg Bill
$6,800 $6,900 $0
2nd place: trip on Malaysia Airline to Singapore & stay at Mandarin Singapore + Jeopardy! box game or computerized version New champion: $6,900 3rd place: Ricoh Mirai camera + Jeopardy! box game or computerized version

Game dynamics:

Coryat scores:

Anne Meg Bill
$3,400 $6,000 $1,600
16 R,
6 W
17 R
(including 1 DD),
2 W
(including 1 DD)
9 R,
5 W
(including 1 DD)

Combined Coryat: $11,000

[game clues] [game scores] [suggest correction]

Game tape date: 1990-01-30
The J! Archive is created by fans, for fans. Scraping, republication, monetization, and malicious use prohibited; this site may use cookies and collect identifying information. See terms. The Jeopardy! game show and all elements thereof, including but not limited to copyright and trademark thereto, are the property of Jeopardy Productions, Inc. and are protected under law. This website is not affiliated with, sponsored by, or operated by Jeopardy Productions, Inc. Join the discussion at JBoard.tv.